[Event "FRA-ch op-B"]
[Site "Aix les Bains"]
[Date "2003.08.24"]
[Round "6"]
[White "Saunier, Serge"]
[Black "Gorce, Guillaume"]
[Result "1-0"]
[WhiteElo "1880"]
[BlackElo "1740"]
[PlyCount "27"]
[EventDate "2003.08.19"]
[EventType "swiss"]
[EventRounds "9"]
[EventCountry "FRA"]
[SourceTitle "EXT 2004"]
[Source "ChessBase"]
[SourceDate "2003.11.25"]
[SourceVersion "1"]
[SourceVersionDate "2003.11.25"]
[SourceQuality "1"]

1. d4 d5 2. Nf3 Nf6 3. c4 e6 4. Bg5 Be7 5. e3 0-0 6. Nc3 Nbd7 7. Bd3 b6 8. cxd5 Nxd5 9. Nxd5 Bxg5 10. Nxc7 Qxc7 11. Nxg5 Bb7 12. Bxh7+ Kh8 13. Be4 Bxe4 14. Qh5+ 1-0